Municipal benchmarks (Record no. 480711)
[ view plain ]
| 000 -LEADER | |
|---|---|
| fixed length control field | 01797cam a2200373 a 4500 |
| 001 - CONTROL NUMBER | |
| control field | EDZ0000085244 |
| 003 - CONTROL NUMBER IDENTIFIER | |
| control field | StDuBDS |
| 005 - DATE AND TIME OF LATEST TRANSACTION | |
| control field | 20161031105149.0 |
| 006 - FIXED-LENGTH DATA ELEMENTS--ADDITIONAL MATERIAL CHARACTERISTICS--GENERAL INFORMATION | |
| fixed length control field | m||||||||d|||||||| |
| 007 - PHYSICAL DESCRIPTION FIXED FIELD--GENERAL INFORMATION | |
| fixed length control field | cr ||||||||||| |
| 008 - FIXED-LENGTH DATA ELEMENTS--GENERAL INFORMATION | |
| fixed length control field | 120521s2001 caua fo| 001|0|eng d |
| 020 ## - INTERNATIONAL STANDARD BOOK NUMBER | |
| International Standard Book Number | 9781452233468 (ebook) : |
| Terms of availability | No price |
| 040 ## - CATALOGING SOURCE | |
| Original cataloging agency | StDuBDS |
| Language of cataloging | eng |
| Transcribing agency | StDuBDS |
| Description conventions | pn |
| 049 ## - LOCAL HOLDINGS (OCLC) | |
| Holding library | Alfaisal Main Library |
| 050 #0 - LIBRARY OF CONGRESS CALL NUMBER | |
| Classification number | HD4605 |
| Item number | .A667 2001 |
| 082 04 - DEWEY DECIMAL CLASSIFICATION NUMBER | |
| Classification number | 352.32140973 |
| Edition number | 23 |
| 100 1# - MAIN ENTRY--PERSONAL NAME | |
| Personal name | Ammons, David N. |
| 245 10 - TITLE STATEMENT | |
| Title | Municipal benchmarks |
| Medium | [electronic resource] : |
| Remainder of title | assessing local performance and establishing community standards / |
| Statement of responsibility, etc | David N. Ammons. |
| 250 ## - EDITION STATEMENT | |
| Edition statement | 2nd ed. |
| 260 ## - PUBLICATION, DISTRIBUTION, ETC. (IMPRINT) | |
| Place of publication, distribution, etc | Thousand Oaks, Calif. ; |
| -- | London : |
| Name of publisher, distributor, etc | SAGE, |
| Date of publication, distribution, etc | c2001. |
| 300 ## - PHYSICAL DESCRIPTION | |
| Extent | 1 online resource (ix, 501 p.) : |
| Other physical details | ill. |
| 504 ## - BIBLIOGRAPHY, ETC. NOTE | |
| Bibliography, etc | Includes bibliographical references and index. |
| 520 8# - SUMMARY, ETC. | |
| Summary, etc | This book helps elected and appointed government officials and citizens assess and establish standards for the efficient and effective delivery of quality services. Actual benchmarks are provided for numerous services such as libraries, parks and recreation, public works, emergency medical services, courts, animal control, risk management and public transport. |
| 521 ## - TARGET AUDIENCE NOTE | |
| Target audience note | Specialized. |
| 588 ## - | |
| -- | Description based on print version record. |
| 650 #0 - SUBJECT ADDED ENTRY--TOPICAL TERM | |
| Topical term or geographic name as entry element | Municipal services |
| Geographic subdivision | United States |
| General subdivision | Evaluation. |
| 650 #0 - SUBJECT ADDED ENTRY--TOPICAL TERM | |
| Topical term or geographic name as entry element | Municipal government |
| Geographic subdivision | United States |
| General subdivision | Evaluation. |
| 650 #0 - SUBJECT ADDED ENTRY--TOPICAL TERM | |
| Topical term or geographic name as entry element | Benchmarking (Managememt) |
| Geographic subdivision | United States. |
| 655 #7 - INDEX TERM--GENRE/FORM | |
| Genre/form data or focus term | Electronic books. |
| Source of term | local |
| 710 2# - ADDED ENTRY--CORPORATE NAME | |
| Corporate name or jurisdiction name as entry element | Sage eBooks |
| 776 08 - ADDITIONAL PHYSICAL FORM ENTRY | |
| Display text | Print version : |
| International Standard Book Number | 9780761920786 |
| 856 40 - ELECTRONIC LOCATION AND ACCESS | |
| Uniform Resource Identifier | <a href="http://ezproxy.alfaisal.edu/login?url=http://sk.sagepub.com/books/municipal-benchmarks-assessing-local-performance-and-establishing-community-standards-2e">http://ezproxy.alfaisal.edu/login?url=http://sk.sagepub.com/books/municipal-benchmarks-assessing-local-performance-and-establishing-community-standards-2e</a> |
| 942 ## - ADDED ENTRY ELEMENTS (KOHA) | |
| Source of classification or shelving scheme | Library of Congress Classification |
| Koha item type | eBooks |
No items available.

